AU LIBRARIES
Centralized Library System Across Seven Campuses

Islam and Wildlife : Right, Well-Being and Treatment (Record no. 47305)

MARC details
000 -LEADER
fixed length control field 00411nam a22001457a 4500
005 - DATE AND TIME OF LATEST TRANSACTION
control field 20260414111240.0
008 - FIXED-LENGTH DATA ELEMENTS--GENERAL INFORMATION
fixed length control field 260414b |||||||| |||| 00| 0 eng d
082 ## - DEWEY DECIMAL CLASSIFICATION NUMBER
Classification number 297.27
Author Mark MUH-I
100 ## - MAIN ENTRY--AUTHOR
Author Name Muhammad Umar Riaz
245 ## - TITLE STATEMENT
Title Islam and Wildlife : Right, Well-Being and Treatment
260 ## - PUBLICATION, DISTRIBUTION, ETC.
Place of Publication Pakistan
Name of publisher, distributor, etc. Minhaj ul Quran Publications, Lahore
Date of publication, distribution, etc. 2021
300 ## - PHYSICAL DESCRIPTION
Pages 93 p.
650 ## - SUBJECT ADDED ENTRY--TOPICAL TERM
Subject / Department Education
942 ## - ADDED ENTRY ELEMENTS (KOHA)
Koha item type Book
Holdings
Withdrawn status Lost status Damaged status Not for loan Collection code Permanent Location Current Location Shelving Location Date acquired Source of acquisition Total Checkouts Full Call Number Accession No./Barcode Date last seen Koha item type
        Education Air University H-11 Campus Islamabad Air University H-11 Campus Islamabad Education 04/14/2026 Gifted by Dr. Sadaf Zamir   297.27 MUH-I AUHEG0034 04/14/2026 Book
Air University Sector E-9, Islamabad Pakistan
Email: librarian@au.edu.pk  Tel : +0092 51 9262612 Ext: 631